000 00197nam a2200109Ia 4500
100 _a#N/A
942 _cBK
245 _acorel Ventura Disk 1 5
260 _b#N/A
546 _aENGLISH
999 _c25511
_d25511